| 000 | 02035nam0a22003131 4500 | ||
|---|---|---|---|
| 001 | v19\rc\1781501 | ||
| 005 | 20260406153348.0 | ||
| 035 | _a(NLR Aleph) 004875496 | ||
| 090 |
_a5127926 _c5127926 |
||
| 100 | _a20061204d1904 |||y0rusy50 ca | ||
| 101 | 0 | _arus | |
| 102 | _aRU | ||
| 105 | _aa z ||||| | ||
| 200 | 1 |
_aОтчет Туркестанской учительской семинарии за XXV лет ее существования (30 августа 1879 года - 30 августа 1904 года) _e[С прил.] _fСост. Н.П. Остроумов |
|
| 210 |
_aТашкент _cтипо-лит. В.М. Ильина _d1904 |
||
| 215 |
_a206, 78 с., 7 л. ил. _d22 |
||
| 320 | _aБиблиогр.: Печатные труды лиц, служивших в Туркестанской учительской семинарии и воспитанников ее" (с. 39-45 второй паг.) | ||
| 327 | 0 | _aС. 18-38 второй паг.: Поездка в Европейскую Россию в 1902 г. / Воспитанник А. Кожухов | |
| 464 | 0 |
_12001#$aПоездка в Европейскую Россию в 1902 г.$fВоспитанник А. Кожухов _1215##$aС. 18-38 второй паг. _1700#1$aКожухов$bА. _tПоездка в Европейскую Россию в 1902 г. _aКожухов, А. |
|
| 532 | 1 | 1 | _aОтчет Туркестанской учительской семинарии за двадцать пять лет ее существования (30 августа 1879 года - 30 августа 1904 года) |
| 700 | 1 |
_4220 _7ca _8rus _aОстроумов _bН. П. _f1846-1930 _gНиколай Петрович _9194559 _3RU\NLR\AUTH\770194610 |
|
| 712 | 0 | 2 |
_aТуркестанская учительская семинария _cТашкент _9353062 _3RU\NLR\AUTH\889928745 |
| 801 | 0 |
_aRU _bNLR _gpsbo |
|
| 801 | 0 |
_aRU _bRuMoRGB _2psbo |
|
| 801 | 1 |
_aRU _bProSoft-M _2rusmarc |
|
| 852 |
_aNLR _j20.87.1.8 |
||
| 899 | _aБАН | ||
| 942 | _cBOOK | ||
| 980 | _aNB | ||